| 000 | 00463cam a2200169ua 4500 | ||
|---|---|---|---|
| 020 | _c60.00 | ||
| 041 |
_aeng _h |
||
| 082 |
_a631.8 _bCHO/SO |
||
| 100 | _aChoudhari , S . | ||
| 245 |
_aSoil Fertilized responses and irrigation water in arid and semi avid regios / _cS . choudhari. _hTextual Documents |
||
| 260 |
_aJodhpur : _bLatesh prakashan , _c1980. |
||
| 300 | _a140 ; . | ||
| 365 | _a60.00 | ||
| 504 | _a | ||
| 942 | _cBK | ||
| 999 |
_c2783 _d2783 |
||